| 000 | 00718nam a2200241 a 4500 | ||
|---|---|---|---|
| 003 | AR-BaBNM | ||
| 005 | 20251128210817.0 | ||
| 008 | 082120s2002 ||||||||||||||000 | spa|| | ||
| 020 | _a950-765-101-2 | ||
| 040 | _cAR-BaBNM | ||
| 245 | 1 | 0 |
_aEjercicios deductivos _b[174 problemas desafiantes y divertidos] |
| 260 |
_aBuenos Aires _bEdiciones De Mente _c1999 |
||
| 300 |
_a96 p. _bgráf., tablas |
||
| 490 | 0 |
_aEntrenamiento mental _vv. 1 |
|
| 650 | 4 | _aJUEGOS EDUCATIVOS | |
| 650 | 4 | _aPENSAMIENTO LOGICO | |
| 650 | 4 | _aLOGICA MATEMATICA | |
| 650 | 4 | _aSOLUCION DE PROBLEMAS | |
| 650 | 4 | _aACTIVIDADES DE APRENDIZAJE | |
| 650 | 4 | _aACTIVIDADES RECREATIVAS | |
| 650 | 4 | _aENSEÑANZA DE LAS MATEMATICAS | |
| 942 | _cBK | ||
| 999 |
_c17016 _d17016 |
||